|
|
|
|
| LEADER |
01936nam a2200517 4500 |
| 001 |
ocn915159488 |
| 003 |
OCoLC |
| 005 |
20170124072036.7 |
| 006 |
m o d |
| 007 |
cr ||||||||||| |
| 008 |
150729s2015 enk o 001 0 eng |
| 010 |
|
|
|a 2015029833
|
| 040 |
|
|
|a DLC
|b eng
|e rda
|c DLC
|d N$T
|d YDXCP
|d DG1
|d TEFOD
|d DEBBG
|d KSU
|d GrThAP
|
| 020 |
|
|
|a 9781119092810
|q electronic bk.
|
| 020 |
|
|
|a 1119092817
|q electronic bk.
|
| 020 |
|
|
|a 9781119092827
|q electronic bk.
|
| 020 |
|
|
|a 1119092825
|q electronic bk.
|
| 020 |
|
|
|z 9781119092773 (pbk.)
|
| 020 |
|
|
|z 9781119092834
|
| 020 |
|
|
|z 1119092833
|
| 029 |
1 |
|
|a AU@
|b 000055114842
|
| 029 |
1 |
|
|a DEBBG
|b BV043399081
|
| 035 |
|
|
|a (OCoLC)915159488
|
| 037 |
|
|
|a 2BF3B6FF-88BE-4903-A9AC-2EBBA2E73489
|b OverDrive, Inc.
|n http://www.overdrive.com
|
| 042 |
|
|
|a pcc
|
| 050 |
0 |
0 |
|a PN1992.77.H634
|
| 072 |
|
7 |
|a PER
|x 009000
|2 bisacsh
|
| 082 |
0 |
0 |
|a 791.45/72
|2 23
|
| 049 |
|
|
|a MAIN
|
| 245 |
0 |
0 |
|a House of Cards and philosophy :
|b underwood's republic /
|c edited by J. Edward Hackett.
|
| 264 |
|
1 |
|a Chichester, UK ;
|a Malden, MA :
|b John Wiley & Sons,
|c 2015.
|
| 300 |
|
|
|a 1 online resource.
|
| 336 |
|
|
|a text
|2 rdacontent
|
| 337 |
|
|
|a computer
|2 rdamedia
|
| 338 |
|
|
|a online resource
|2 rdacarrier
|
| 490 |
0 |
|
|a Blackwell philosophy and pop culture series
|
| 500 |
|
|
|a Includes index.
|
| 588 |
|
|
|a Description based on print version record and CIP data provided by publisher.
|
| 630 |
0 |
0 |
|a House of cards (Television program : U.S.)
|
| 650 |
|
0 |
|a Television programs
|x Philosophy.
|
| 650 |
|
7 |
|a PERFORMING ARTS / Reference
|2 bisacsh
|
| 655 |
|
4 |
|a Electronic books.
|
| 700 |
1 |
|
|a Hackett, J. Edward,
|d 1979-
|e editor.
|
| 776 |
0 |
8 |
|i Print version:
|t House of Cards and philosophy
|d Chichester, UK ; Malden, MA : John Wiley & Sons, 2015
|z 9781119092773
|w (DLC) 2015021568
|
| 856 |
4 |
0 |
|u https://doi.org/10.1002/9781119092834
|z Full Text via HEAL-Link
|
| 994 |
|
|
|a 92
|b DG1
|